[Event "GER theme T37-D04-S email"]
[Site "GER email"]
[Date "2008.01.15"]
[Round "?"]
[White "Schneider, Karl"]
[Black "Suess, Mirco"]
[Result "1-0"]
[WhiteElo "2316"]
[BlackElo "2095"]
[PlyCount "73"]
[EventDate "2008.??.??"]
[EventType "tourn (corr)"]
[EventRounds "8"]
[EventCountry "GER"]
[SourceTitle "Corr 2011"]
[Source "ChessBase"]
[SourceDate "2010.08.31"]
[SourceVersion "1"]
[SourceVersionDate "2010.08.31"]
[SourceQuality "1"]

1. d4 d5 2. Nf3 Nf6 3. e3 c5 4. c3 e6 5. Bd3 Nbd7 6. Nbd2 Bd6 7. 0-0 0-0 8. Re1 Qc7 9. e4 cxd4 10. cxd4 dxe4 11. Nxe4 Nd5 12. Bd2 Bf4 13. h3 Rd8 14. Rc1 Qb6 15. Rc2 Bxd2 16. Qxd2 N7f6 17. Ne5 Bd7 18. Rc5 Be8 19. Rec1 a6 20. a3 Nd7 21. R5c2 N7f6 22. Nc5 Bb5 23. Bc4 Bxc4 24. Nxc4 Qb5 25. Ne5 Rab8 26. Rc4 a5 27. Qe1 Nf4 28. b4 a4 29. Qd2 N6d5 30. g3 Ng6 31. Ne4 Qe8 32. Qe2 Nge7 33. Ng5 f6 34. Nxe6 fxe5 35. Nxd8 Rxd8 36. dxe5 Nf5 37. e6 1-0